[Event "Manila ol (Men)"]
[Site "Manila"]
[Date "1992.??.??"]
[Round "?"]
[White "Akopian, Vladimir"]
[Black "Psakhis, Lev"]
[Result "1-0"]
[WhiteElo "2605"]
[BlackElo "2605"]

1.e4 c5 2.Nf3 e6 3.d4 cxd4 4.Nxd4 a6 5.Bd3 Nf6 6.O-O Qc7 7.Nc3 d6 8.f4 g6
9.Nf3 Nc6 10.Qe1 Bg7 11.Qh4 O-O 12.Kh1 b5 13.f5 b4 14.Ne2 exf5 15.exf5 d5
16.Bh6 Ne5 17.Bxg7 Kxg7 18.Nf4 Nxd3 19.Qxf6+ Kxf6 20.Nxd5+ Kxf5 21.Nxc7 Ra7
22.Nd4+ Kg4 23.Nd5 Ne5 24.Nf6+ Kh4 25.Rae1 Rd8 26.Re4+  1-0

[Event "Capablanca mem-B"]
[Site "Matanzas"]
[Date "1992.??.??"]
[Round "2"]
[White "Sanchez Almeyra, Jorge"]
[Black "Aldama, Degurnay"]
[Result "1/2-1/2"]
[WhiteElo "2425"]
[BlackElo "2380"]

1.e4 c5 2.Nf3 e6 3.d4 cxd4 4.Nxd4 a6 5.Bd3 Nf6 6.O-O d6 7.c4 Bd7 8.Nc3 Nc6
9.Nxc6 Bxc6 10.Qe2 Be7 11.Kh1 O-O 12.f4 Nd7 13.b4 Bf6 14.Bb2 b6 15.Rad1 Qc7
16.a3 Rad8 17.Rd2 g6 18.Rfd1 Bg7 19.Bb1 Nf6 20.b5 axb5 21.Nxb5 Bxb5 22.cxb5 Nh5  1/2-1/2

[Event "Melitopol Cup (Women)"]
[Site "Melitopol"]
[Date "1992.??.??"]
[Round "9"]
[White "Saunina, Ludmila"]
[Black "Son, Irina"]
[Result "1-0"]
[WhiteElo "2165"]
[BlackElo "2205"]

1.e4 c5 2.Nf3 e6 3.d4 cxd4 4.Nxd4 a6 5.Bd3 Nf6 6.c4 Nc6 7.Nxc6 dxc6 8.O-O e5
9.h3 Nd7 10.Qh5 Bc5 11.Kh1 O-O 12.f4 Bd4 13.f5 f6 14.Nc3 a5 15.a4 Nc5 16.Bc2 Na6
17.g4 Qe8 18.Qh4 h6 19.Qg3 Bd7 20.Bd2 Kf7 21.Ne2 Nb4 22.Nxd4 exd4 23.c5 Qe5
24.Bf4 Qxc5 25.Bb3+ Ke8 26.Bd6 Qa7 27.e5 Nd5 28.e6 Bc8 29.Bxd5 cxd5 30.Bxf8 Kxf8
31.Qd6+ Ke8 32.Rac1  1-0

[Event "Mesa op"]
[Site "Mesa"]
[Date "1992.??.??"]
[Round "?"]
[White "Solana Suarez, Ernesto"]
[Black "Strikovic, Aleksa"]
[Result "0-1"]
[WhiteElo "2265"]
[BlackElo "2480"]

1.e4 c5 2.Nf3 e6 3.d4 cxd4 4.Nxd4 a6 5.Bd3 Qc7 6.O-O Nf6 7.Qe2 d6 8.c4 g6
9.Nc3 Bg7 10.Nf3 Nbd7 11.h3 O-O 12.Be3 b6 13.Rac1 Bb7 14.b4 Rac8 15.Qd2 Rfd8
16.Rfd1 Qb8 17.Bh6 Bh8 18.Bg5 Re8 19.Re1 Bg7 20.Bh6 Qa8 21.Bxg7 Kxg7 22.Qe3 Red8
23.a3 a5 24.Nb5 Ne8 25.Bf1 e5 26.Nd2 Bc6 27.Nc3 axb4 28.axb4 Qa3 29.Nd5 Ra8
30.Rc3 Qa2 31.Rec1 Nef6 32.R3c2 Qa4 33.Rb2 Qa3 34.Qxa3 Rxa3 35.Nc3 Rda8 36.f3 Nf8
37.Nd5 N6d7 38.Nc7 Rc8 39.Nd5 Ne6 40.Kf2 Rca8 41.Ne3 Nd4 42.Nc2 Ra2 43.Rxa2 Rxa2
44.Nxd4 exd4 45.Ke1 Ba4 46.f4 Bc2 47.Be2 Rb2 48.Bd1 Bxd1 49.Kxd1 Rxb4 50.Kc2 Ra4
51.Kd3 Nc5+ 52.Kxd4 Ra3 53.Rc3 Ne6+ 54.Kd3 Nxf4+ 55.Kc2 Rxc3+ 56.Kxc3 Nxg2  0-1

[Event "Muenster"]
[Site "Muenster"]
[Date "1992.??.??"]
[Round "1"]
[White "Schaefer, Markus"]
[Black "Forintos, Gyozo V"]
[Result "1/2-1/2"]
[WhiteElo "2435"]
[BlackElo "2465"]

1.e4 c5 2.Nf3 e6 3.d4 cxd4 4.Nxd4 a6 5.Bd3 g6 6.Nc3 Bg7 7.Be3 Ne7 8.Qd2 d5
9.exd5 Nxd5 10.Nxd5 Qxd5 11.O-O O-O 12.c4 Qd8 13.Nf3 Nc6 14.Rad1 Qe7 15.Be4 Rd8
16.Qc1 Bd7 17.Bg5 f6 18.Bh6 f5 19.Bxc6 Bxc6 20.Bxg7 Qxg7 21.Qe3 Bxf3 22.Qxe6+ Kh8
23.gxf3 Qxb2 24.Rfe1 Qg7 25.Qb6 Rxd1 26.Rxd1 Qe7 27.Qd4+ Kg8 28.Qd5+ Kf8
29.Qd4 Kf7 30.Qd5+ Kf8 31.Qd4 Kf7 32.Qd5+  1/2-1/2

[Event "Munich op9192"]
[Site "Munich"]
[Date "1992.??.??"]
[Round "5"]
[White "Wagner, Anselm"]
[Black "Lau, Ralf"]
[Result "0-1"]
[WhiteElo "2235"]
[BlackElo "2500"]

1.e4 c5 2.Nf3 e6 3.d4 cxd4 4.Nxd4 a6 5.Bd3 Bc5 6.Nb3 Ba7 7.O-O Nc6 8.Nc3 Nge7
9.Qe2 O-O 10.Be3 b5 11.Bxa7 Rxa7 12.a3 Qb6 13.Kh1 f6 14.f4 Rc7 15.a4 b4 16.a5 Qa7
17.Na4 Bb7 18.Rfd1 f5 19.Rf1 fxe4 20.Bxe4 Nf5 21.Qd3 Ncd4 22.Bxb7 Nxb3 23.cxb3 Qxb7
24.Nb6 Nh4 25.Qe2 Rf6 26.Kg1 Nxg2  0-1

[Event "Munich op9192"]
[Site "Munich"]
[Date "1992.??.??"]
[Round "7"]
[White "Wahls, Matthias"]
[Black "Lau, Ralf"]
[Result "0-1"]
[WhiteElo "2560"]
[BlackElo "2500"]

1.e4 c5 2.Nf3 e6 3.d4 cxd4 4.Nxd4 a6 5.Bd3 Nf6 6.O-O Qc7 7.Qe2 d6 8.c4 g6
9.Nc3 Bg7 10.Nf3 Nc6 11.h3 O-O 12.Bf4 Nd7 13.Rac1 Nce5 14.Rfd1 b6 15.b3 Bb7
16.Bb1 Rfe8 17.Nh2 Rad8 18.Qd2 Nc5 19.Bg3 f5 20.f4 Nf7 21.Bh4 Rc8 22.exf5 gxf5
23.Re1 Nh8 24.Re3 Ng6 25.Bg3 Bh6 26.Rf1 Re7 27.Qe2 Rg7 28.Rxe6 Nxe6 29.Qxe6+ Qf7
30.Bxf5 Re8 31.Ng4 Rxe6 32.Nxh6+ Kf8 33.Nxf7 Re3 34.Be1 Kxf7 35.Nd5 Re2 36.Bc3 Rg8
37.Rf2 Rxf2 38.Kxf2 Bxd5 39.Bxg6+ Kxg6 40.cxd5 Rc8 41.Bb4 Rc2+ 42.Kf3 Rxa2
43.Bxd6 Rd2 44.Ke4 Rxg2 45.Bc7 Kf7 46.Bxb6 Rb2 47.d6 Ke6 48.Bc5 Re2+ 49.Kf3 Rd2
50.Kg4 Rd5 51.b4 a5 52.f5+ Rxf5 53.d7 h5+  0-1

[Event "Munich op9192"]
[Site "Munich"]
[Date "1992.??.??"]
[Round "7"]
[White "Wagner, Anselm"]
[Black "Spassov, Liuben"]
[Result "1/2-1/2"]
[WhiteElo "2235"]
[BlackElo "2415"]

1.e4 c5 2.Nf3 e6 3.d4 cxd4 4.Nxd4 a6 5.Bd3 Nf6 6.O-O Qc7 7.Qe2 d6 8.f4 Nbd7
9.Kh1 Be7 10.Nd2 O-O 11.N2f3 Nc5 12.e5 Nxd3 13.cxd3 dxe5 14.fxe5 Nd5 15.Bg5 Bxg5
16.Nxg5 h6 17.Ngf3 Bd7 18.Rac1 Qb6 19.Qf2 Rad8 20.a3 a5 21.Rc2 Qa6 22.Qd2 Ne7
23.Rc5 Nc6 24.Rfc1 Nxd4 25.Nxd4 b6 26.Rc7 Bb5 27.Qf4 Rd7 28.h3 Rxc7 29.Rxc7 Bxd3
30.Nxe6 fxe6 31.Qg4 Rf7 32.Qxe6 Bg6 33.Qe8+ Rf8 34.Qxg6 Qf1+ 35.Kh2 Qf4+
36.Qg3 Qxg3+ 37.Kxg3 Rf5 38.e6 Kf8 39.a4 b5 40.Rf7+ Rxf7 41.exf7 bxa4 42.Kf4 Kxf7
43.Kf5 h5 44.Ke5 h4 45.Kf5 g6+ 46.Kg5 Ke6 47.Kxh4 Kd5 48.Kg5  1/2-1/2

[Event "NED-chT"]
[Site "NED"]
[Date "1992.??.??"]
[Round "?"]
[White "Kuijpers, Franciscus Antonius"]
[Black "Tjiam, Dharma"]
[Result "1/2-1/2"]
[WhiteElo "2390"]
[BlackElo "2225"]

1.e4 c5 2.Nf3 e6 3.d4 cxd4 4.Nxd4 a6 5.Bd3 Nf6 6.O-O Qb6 7.c3 Qc7 8.Be3 Be7
9.c4 O-O 10.Nc3 d6 11.f4 Nbd7 12.Rc1 b6 13.Qf3 Bb7 14.Bb1 Rfe8 15.Kh1 Rac8
16.b3 Qb8 17.Bd2 Bf8 18.Qh3 h6 19.Rce1 Rcd8 20.Nf3 Qa8 21.Bc1 Nc5 22.e5 Nfe4
23.Nxe4 Nxe4 24.f5 dxe5 25.Nxe5 Nd2 26.fxe6 Rxe6 27.Nxf7 Rxe1 28.Rxe1 Nxb1
29.Nxh6+ gxh6 30.Qe6+ Kh7 31.Qf5+ Kg8 32.Qe6+ Kh7 33.Qf5+ Kh8 34.Qe6  1/2-1/2

[Event "New York op"]
[Site "New York"]
[Date "1992.??.??"]
[Round "8"]
[White "Garber, Stanislav"]
[Black "Lind, Jan Olov"]
[Result "1/2-1/2"]
[WhiteElo "2380"]
[BlackElo "2295"]

1.e4 c5 2.Nf3 e6 3.d4 cxd4 4.Nxd4 a6 5.Bd3 Nc6 6.Nxc6 dxc6 7.O-O e5 8.a4 Nf6
9.Nd2 Bd6 10.Qe1 O-O 11.Nc4 Bc7 12.a5 Be6 13.Bg5 h6 14.Bh4 g5 15.Bg3 Bxc4
16.Bxc4 Qd4 17.Ra4 Kg7 18.Bb3 Qc5 19.Kh1 Qe7 20.f3 Nd7 21.Bc4 b5 22.axb6 Nxb6
23.Bb3 Nxa4 24.Bxa4 Qc5 25.Bf2 Qc4 26.Bb3 Qb5 27.Qa1 Rfd8 28.Be3 Rab8 29.h3 Bb6
30.Ba4 Qb4 31.Bc1 Bd4 32.Bb3 Qb5 33.Re1 Rd6 34.Qa2 Bf2 35.Bc4 Bxe1 36.Bxb5 axb5
37.Kh2 Bf2 38.Qb3 Rbd8 39.Be3 Bxe3 40.Qxe3 f6 41.Qc5 Re6 42.Qb6 Rd2 43.Qc7+ Kf8
44.Qc8+ Ke7 45.Qc7+ Rd7 46.Qb6 Red6 47.Qc5 Kf7 48.Qc3 Re6 49.Qc5 Rd2 50.Qa7+ Ke8
51.Qb8+ Kf7 52.Qc7+ Kg6 53.Qc8 Kf7 54.Qc7+ Ke8 55.Qb8+ Ke7 56.Qa7+ Rd7 57.Qb6 Kf7
58.Qc5 Red6 59.Qc3 Kg6 60.Qb3 Rd8 61.Qc3 h5 62.h4 gxh4 63.Qc5 Re6 64.Qb6 Red6
65.Qc5 Kf7 66.Qa7+ R8d7 67.Qc5 Kg6 68.c4 bxc4 69.Qxc4 Rd8 70.Qc5  1/2-1/2

[Event "Nordic zt"]
[Site "?"]
[Date "1992.??.??"]
[Round "5"]
[White "Ernst, Thomas"]
[Black "Hjartarson, Johann"]
[Result "0-1"]
[WhiteElo "2540"]
[BlackElo "2580"]

1.e4 c5 2.Nf3 e6 3.d4 cxd4 4.Nxd4 a6 5.Bd3 Nf6 6.O-O Qc7 7.Qe2 d6 8.c4 g6
9.Nc3 Bg7 10.Nf3 O-O 11.Bf4 Ng4 12.Rac1 Ne5 13.Rfd1 Nbc6 14.b3 Qe7 15.Bb1 Rb8
16.Kh1 b6 17.Bg5 f6 18.Be3 Kh8 19.Nd4 Nxd4 20.Bxd4 Nc6 21.Be3 f5 22.Qd2 Rd8
23.f3 Ne5 24.Bg5 Bf6 25.Bxf6+ Qxf6 26.Qd4 Kg7 27.Na4 Nf7 28.Qe3 fxe4 29.Bxe4 b5
30.Qa7 Bb7 31.Bxb7 bxa4 32.bxa4 Qe7 33.Rb1 a5 34.Qd4+ Qf6 35.Rb5 Qxd4 36.Rxd4 Kf6
37.f4 Rd7 38.Bc6 Rdd8 39.h3 Rbc8 40.Rb6 Rb8 41.Ra6 Rb1+ 42.Kh2 Rc8 43.Bb5 Rb2
44.Rxa5 h5 45.Ra7 g5 46.fxg5+ Nxg5 47.Rxd6 Nf3+ 48.Kg3 Ne5 49.Raa6 Kg5 50.Rd1 Rg8
51.Rf1 h4+ 52.Kh2 Kh5 53.Kh1 Rgxg2 54.Be8+ Kg5 55.Rg1 Rg3 56.Rxg3+ hxg3 57.Ra5 Kf4
58.Bh5 Rb1+ 59.Kg2 Nxc4  0-1

[Event "Norresundby op"]
[Site "Norresundby"]
[Date "1992.??.??"]
[Round "5"]
[White "Kruszynski, Wlodzimierz"]
[Black "Nielsen, Uffe V"]
[Result "1/2-1/2"]
[WhiteElo "2375"]
[BlackElo "2295"]

1.e4 c5 2.Nf3 e6 3.d4 cxd4 4.Nxd4 a6 5.Bd3 Qc7 6.O-O Nf6 7.Qe2 d6 8.Kh1 Nc6
9.Nxc6 Qxc6 10.Nc3 Be7 11.f4 O-O 12.Bd2 b5 13.e5 Ne8 14.Be4 d5 15.Bd3 f5
16.exf6 Nxf6 17.Be3 Bd6 18.Bd4 b4 19.Nd1 Ne4 20.g3 e5 21.fxe5 Rxf1+ 22.Qxf1 Bc5
23.Bxe4 Bxd4 24.Bxh7+ Kxh7 25.Qd3+ Bf5 26.Qxd4 Qxc2 27.Kg1 Be4 28.Nf2 Qe2
29.Qd1 Qxb2 30.Qh5+ Kg8 31.Rf1 Qd4 32.e6 g6 33.Qd1 Qb6 34.Qg4 Re8 35.Rc1 Rf8
36.Qe2 Re8 37.Qg4 a5 38.h4 a4 39.Kf1 Rf8 40.Qe2 Qd4 41.Kg1 Qe5 42.Nxe4 dxe4
43.Qg4 Kh7 44.e7 Re8 45.Rc6 Qf5 46.Qxf5 gxf5 47.Rb6 b3 48.axb3 axb3 49.Rxb3 Rxe7
50.Kf2 Rg7 51.Rb5 Kg6 52.Ke3 Kf6 53.Rb6+ Ke5 54.Rb5+ Ke6 55.Rb6+ Ke5 56.Rb5+ Kf6
57.Rb6+ Ke5  1/2-1/2

[Event "Norresundby op"]
[Site "Norresundby"]
[Date "1992.??.??"]
[Round "8"]
[White "Zezulkin, Jurij"]
[Black "Tolnai, Tibor"]
[Result "1/2-1/2"]
[WhiteElo "2440"]
[BlackElo "2490"]

1.e4 c5 2.Nf3 e6 3.d4 cxd4 4.Nxd4 a6 5.Bd3 Qc7 6.O-O Nf6 7.Kh1 Bc5 8.Nb3 Ba7
9.Bg5 Nc6 10.f4 d6 11.Nc3 Nd7  1/2-1/2

[Event "Oerebro op"]
[Site "Oerebro"]
[Date "1992.??.??"]
[Round "?"]
[White "Wieweg, Johnny"]
[Black "Lind, Jan Olov"]
[Result "0-1"]
[WhiteElo "2355"]
[BlackElo "2345"]

1.e4 c5 2.Nf3 e6 3.d4 cxd4 4.Nxd4 a6 5.Bd3 Nc6 6.Nxc6 dxc6 7.Nd2 Bd6 8.Nc4 Bc7
9.Qg4 g6 10.Bg5 Qd4 11.Be3 Qg7 12.O-O-O e5 13.Qe2 Be6 14.Nb6 Rb8 15.Bc4 Qf6
16.Rd2 Qe7 17.Rhd1 Nf6 18.f3 O-O 19.Bxe6 Qxe6 20.c4 Rfd8 21.b3 Rxd2 22.Rxd2 Rd8
23.Na4 b5 24.Nc5 Qe7 25.b4 Rxd2 26.Qxd2 bxc4 27.Qc3 Bb6 28.Qxc4 Qa7 29.Qd3 a5
30.Qd6 axb4 31.Qxe5 Qa3+ 32.Kd2 Qxa2+ 33.Ke1  0-1

[Event "Osijek"]
[Site "Osijek"]
[Date "1992.??.??"]
[Round "6"]
[White "Gyorkos, Lajos"]
[Black "Dizdarevic, Emir"]
[Result "0-1"]
[WhiteElo "2450"]
[BlackElo "2505"]

1.e4 c5 2.Nf3 e6 3.d4 cxd4 4.Nxd4 a6 5.Bd3 Nf6 6.O-O Qc7 7.Qe2 Bd6 8.Kh1 Nc6
9.Nxc6 dxc6 10.a4 b6 11.Na3 Be7 12.Nc4 b5 13.Nd2 Rb8 14.f4 Nd7 15.Nb3 O-O
16.Be3 Bb7 17.Ba7 Rbc8 18.Bg1 c5 19.c4 bxa4 20.Rxa4 Rb8 21.Na5 Ba8 22.e5 f6
23.exf6 Rxf6 24.Be4 Bxe4 25.Qxe4 Bd6 26.b4 Rxb4 27.Rxb4 cxb4 28.Nb3 Bxf4
29.c5 Be5 30.Rxf6 Nxf6 31.Qxb4 Qc6 32.Na5 Qe4 33.Qb3 Nd5 34.Nc6 Nf4 35.Qf3 Qxf3
36.gxf3 Bc7 37.Nd4 Kf7 38.c6 Nd5 39.Nb3 Nb4 40.Nc5 Nxc6 41.Nxa6 Bd6 42.Nc5 Ne5
43.Ne4 Be7 44.Kg2 Nd3 45.Be3 Kg6 46.Kf1 Ne5 47.Ke2 Nc6 48.f4 Bf6 49.Kf3 Ne7
50.Bc5 Nf5 51.Ng3 Bh4 52.Nxf5 Kxf5 53.Bd4 g6 54.h3 Bf6 55.Bf2 Bg7 56.Be3 Bh6
57.h4 e5 58.fxe5 Bxe3 59.Kxe3 Kxe5 60.Kf3 Kf5 61.Kg3 h6 62.Kf3 h5  0-1

[Event "Osijek"]
[Site "Osijek"]
[Date "1992.??.??"]
[Round "8"]
[White "Palac, Mladen"]
[Black "Ermenkov, Evgenij"]
[Result "1/2-1/2"]
[WhiteElo "2500"]
[BlackElo "2505"]

1.e4 c5 2.Nf3 e6 3.d4 cxd4 4.Nxd4 a6 5.Bd3 Nf6 6.O-O Qc7 7.Qe2 d6 8.c4 Nbd7
9.f4 g6 10.f5 gxf5 11.exf5 e5 12.Nc3 Be7 13.Nc2 b5 14.cxb5 d5 15.bxa6 Rg8
16.Kh1 d4 17.Nxd4 exd4 18.Nb5 Qe5 19.Qf3 Nd5 20.Qxd5 Qxd5 21.Nc7+ Kd8 22.Nxd5 Rxa6
23.Nxe7 Kxe7 24.Bxa6 Bxa6 25.Bf4 Bxf1 26.Rxf1 Kf6 27.Rd1 Re8 28.Bg3 Re4 29.Bf2 Ke5
30.g3 Kd5 31.Kg2 Ne5 32.h3 d3 33.Kf1 Rc4 34.g4 Rc2 35.Bg3 Nc4 36.Rxd3+ Ke4
37.Rc3 Ne3+ 38.Ke1 Rxb2 39.Bf2 Rxf2 40.Kxf2 Nd1+ 41.Kg3 Nxc3 42.Kh4 Nxa2
43.Kg5 Ke5 44.Kh6 Kf6 45.Kxh7 Nb4 46.Kg8 Nd3 47.g5+  1/2-1/2

[Event "Ostrava"]
[Site "Ostrava"]
[Date "1992.??.??"]
[Round "2"]
[White "Rasik, Vitezslav"]
[Black "Mortensen, Erling"]
[Result "0-1"]
[WhiteElo "2385"]
[BlackElo "2420"]

1.e4 c5 2.Nf3 e6 3.d4 cxd4 4.Nxd4 a6 5.Bd3 Qc7 6.O-O Nf6 7.Qe2 d6 8.c4 g6
9.Nc3 Bg7 10.Be3 O-O 11.f4 Re8 12.Rac1 b6 13.b4 Bb7 14.Nb3 Nbd7 15.h3 Rac8
16.Qf2 Ba8 17.Rfd1 Qb8 18.c5 bxc5 19.bxc5 Nxc5 20.Nxc5 dxc5 21.e5 Nd5 22.Nxd5 Bxd5
23.Bxa6 Rc6 24.Bc4 Bxc4 25.Rxc4 Bf8 26.Rdc1 Rec8 27.Kh2 Qa8 28.a4 Rb8 29.Qf3 Ra6
30.Qxa8 Rbxa8 31.Ra1 Be7 32.Kg3 Rb8 33.Bd2 Rb3+ 34.Kf2 Kf8 35.Ke2 Ke8 36.Rc3 Rb2
37.Kd3 Kd7 38.Rc2 Rxc2 39.Kxc2 Kc6 40.Kb3 Kd5 41.a5 Ra8 42.Ka4 Rb8 43.Bc3 c4
44.a6 Bc5 45.a7 Bxa7 46.Rd1+ Ke4 47.Rd7 Be3 48.Rxf7 Bxf4 49.Rxh7 Kd3 50.Ba5 Bxe5
51.Re7 Ra8 52.Rxe6 Bc7 53.Rxg6 Rxa5+ 54.Kb4 Rd5 55.Rc6 Ba5+ 56.Ka4 Bc3 57.Ra6 Ra5+  0-1

[Event "Ostrava"]
[Site "Ostrava"]
[Date "1992.??.??"]
[Round "4"]
[White "Luther, Thomas"]
[Black "Mortensen, Erling"]
[Result "1-0"]
[WhiteElo "2435"]
[BlackElo "2420"]

1.e4 c5 2.Nf3 e6 3.d4 cxd4 4.Nxd4 a6 5.Bd3 Nf6 6.O-O Qc7 7.Qe2 d6 8.c4 b6
9.Nc3 Bb7 10.Rd1 Nbd7 11.Nf3 Be7 12.Bf4 O-O 13.Rac1 Ng4 14.Bb1 Nge5 15.b3 Rab8
16.Ne1 g5 17.Be3 Kh8 18.Nd3 Rg8 19.Nxe5 Nxe5 20.Bd4 f6 21.Qe3 Bd8 22.Ne2 Qc6
23.Bb2 Bc7 24.Nd4 Qe8 25.Nf3 Ng4 26.Qe1 e5 27.Ba3 Rd8 28.Nd2 Qh5 29.Nf1 Bb8
30.Qe2 Qh4 31.Rc3 f5 32.Rh3 Qxf2+ 33.Qxf2 Nxf2 34.Kxf2 fxe4 35.Ne3 b5 36.Nd5 Ba7+
37.Ke1 g4 38.Rh5 Bxd5 39.Rxd5 g3 40.Bxe4  1-0

[Event "Peristeri"]
[Site "Peristeri"]
[Date "1992.??.??"]
[Round "2"]
[White "Kalesis, Nikolaos"]
[Black "Spassov, Liuben"]
[Result "1/2-1/2"]
[WhiteElo "2315"]
[BlackElo "2405"]

1.e4 c5 2.Nf3 e6 3.d4 cxd4 4.Nxd4 a6 5.Bd3 Nf6 6.c4 Qc7 7.Qe2 d6 8.O-O g6
9.b3 Bg7 10.Bb2 O-O 11.Nd2 Nbd7 12.Rae1 b6 13.g4 Nc5 14.g5 Nh5 15.f4 e5 16.Nf5 gxf5
17.Bb1 Nxf4 18.Rxf4 exf4 19.Bxg7 Kxg7 20.exf5 f6 21.gxf6+ Rxf6 22.Qg2+ Kf7
23.Qd5+ Kf8 24.Qxa8 Nb7 25.Qxa6 Bxf5 26.Bxf5 Rxf5 27.Qa8+ Kg7 28.Qe8 Rf7
29.Kh1 Nc5 30.Rg1+ Kh6 31.Qe1 Qe7 32.Qf1 Qe6 33.Qf2 Qf6 34.Qf3 Qe6 35.b4 Nd7
36.Rg4 Qe3 37.Qg2 Nf6 38.Nf1 Nxg4 39.Nxe3 Nxe3 40.Qe4 Kg5 41.Kg1 Ra7 42.Qb1 Rc7
43.c5 dxc5 44.bxc5 Rxc5 45.Qxh7 Kg4 46.Kf2 Rc2+ 47.Ke1 Ng2+ 48.Kd1 Ne3+  1/2-1/2

[Event "BCF-ch"]
[Site "Plymouth"]
[Date "1992.??.??"]
[Round "9"]
[White "Swan, Iain"]
[Black "Mortazavi, Ali"]
[Result "1/2-1/2"]
[WhiteElo "2270"]
[BlackElo "2320"]

1.e4 c5 2.Nf3 e6 3.d4 cxd4 4.Nxd4 a6 5.Bd3 Nf6 6.O-O Qc7 7.Qe2 d6 8.f4 g6
9.Kh1 Bg7 10.Nc3 O-O 11.a4 b6 12.f5 exf5 13.exf5 Bb7 14.Bg5 Nbd7 15.fxg6 hxg6
16.Ne6 fxe6 17.Qxe6+ Rf7 18.Bxg6 Nc5 19.Bxf7+ Qxf7 20.Qxf7+ Kxf7 21.Rad1 Rd8
22.b4 Ne4 23.Nxe4 Bxe4 24.Rf4 d5 25.c4 Rd6 26.Bxf6 Rxf6 27.Rxf6+ Bxf6 28.cxd5 Bc2
29.Rc1 Bxa4 30.Rc7+ Ke8 31.Ra7 Bb5 32.Rb7 Bd8 33.h3 Bc4 34.d6 a5 35.bxa5 bxa5
36.Ra7 Bd3 37.h4 Be2 38.Kh2 Bd1 39.Kh3 a4 40.h5 Bxh5 41.g4 Bg6 42.Rxa4 Kd7
43.Ra7+ Ke6 44.Rg7 Bd3 45.Rg8 Bb6 46.Rb8 Ba5 47.Ra8 Bb6 48.Rb8  1/2-1/2

[Event "RUS-chT"]
[Site "Podolsk"]
[Date "1992.??.??"]
[Round "?"]
[White "Dolmatov, Sergey"]
[Black "Tunik, Gennady"]
[Result "1/2-1/2"]
[WhiteElo "2595"]
[BlackElo "2450"]

1.e4 c5 2.Nf3 e6 3.d4 cxd4 4.Nxd4 a6 5.Bd3 Bc5 6.Nb3 Ba7 7.Qe2 Nc6 8.Be3 d6
9.O-O Nf6 10.c4 Ne5 11.Bxa7 Rxa7 12.Qe3 b6 13.Be2 O-O 14.f4 Neg4 15.Bxg4 Nxg4
16.Qe2 Nf6 17.Nc3 e5 18.f5 b5 19.Nd2 Bd7 20.b3 Bc6 21.Kh1 bxc4 22.Nxc4 Bb5
23.Rad1 Rd7 24.Nd5  1/2-1/2

[Event "Ponferrada op"]
[Site "Ponferrada"]
[Date "1992.??.??"]
[Round "?"]
[White "Serra Olives, Tomas"]
[Black "Bellon Lopez, Juan Manuel"]
[Result "1/2-1/2"]
[WhiteElo "2310"]
[BlackElo "2435"]

1.e4 c5 2.Nf3 e6 3.d4 cxd4 4.Nxd4 a6 5.Bd3 d6 6.O-O Nf6 7.c4 Nbd7 8.Nc3 g6
9.Be3 Bg7 10.Rc1 O-O 11.b3 Re8 12.Bb1 Qc7 13.Qd2 Ng4 14.Bg5 d5 15.Bf4 Qb6
16.c5 Nxc5 17.h3 Nf6 18.e5 Nfd7 19.Nf3 Qb4 20.Rfe1 a5 21.Nd4 a4 22.Ndb5 d4
23.Qxd4 Qxd4 24.Nxd4 axb3 25.axb3 Rd8 26.Ncb5 h6 27.Rc4 Ra1 28.Rec1 Bf8 29.Nd6 Bxd6
30.exd6 e5 31.Bxe5 Nxe5 32.Rxc5 Nc6 33.Nxc6 bxc6 34.Rxc6 Bd7 35.R6c3 Be6
36.Rd1 Kg7 37.Kh2 g5 38.g3 Bf5 39.Bxf5 Rxd1 40.d7 Kf6 41.g4 Rd5 42.Rc6+ Ke7
43.Rc4 Rxf5 44.gxf5 Rxd7 45.b4 Rd3 46.h4 Rf3 47.hxg5 hxg5 48.Kg2 Rxf5 49.Kg3 Rd5
50.Kg4  1/2-1/2

[Event "Pontevedra2"]
[Site "Pontevedra"]
[Date "1992.??.??"]
[Round "5"]
[White "Larrosa, Jose"]
[Black "Strikovic, Aleksa"]
[Result "1/2-1/2"]
[WhiteElo "2255"]
[BlackElo "2480"]

1.e4 c5 2.Nf3 e6 3.d4 cxd4 4.Nxd4 a6 5.Bd3 Nf6 6.O-O Qc7 7.c4 Nc6 8.Nxc6 dxc6
9.Qe2 e5 10.Bg5 Be7 11.Nd2 O-O 12.Bxf6 Bxf6 13.c5 Rd8 14.Bc4 a5 15.h3 a4
16.Nf3 Be7 17.Rad1 Rxd1 18.Rxd1 h6 19.Qd3 Ra5 20.b4 axb3 21.axb3 b5 22.cxb6 Qxb6
23.Nh2 Ra2 24.Rd2 Ra7 25.Ng4 Qc7 26.Qf3 Bg5 27.Rd1 Qe7 28.Qc3 h5 29.Nxe5 Bf6
30.Nxc6 Qxe4 31.Qe3 Qxe3 32.fxe3 Ra2 33.Nb4 Rb2 34.Nd5 Bg5 35.Nf4 g6 36.Rf1 Rc2
37.Rf2 Rc1+ 38.Rf1 Rc2 39.Rf2 Rc3 40.Nd5 Rc1+ 41.Rf1 Rc2 42.Rf2 Rc1+ 43.Rf1 Rc2
44.Rf2  1/2-1/2

[Event "Porz"]
[Site "Porz"]
[Date "1992.??.??"]
[Round "1"]
[White "Morawietz, Dieter"]
[Black "Chuchelov, Vladimir"]
[Result "1-0"]
[WhiteElo "2320"]
[BlackElo "2490"]

1.e4 c5 2.Nf3 e6 3.d4 cxd4 4.Nxd4 a6 5.Bd3 Nf6 6.O-O Qc7 7.Qe2 d6 8.Kh1 g6
9.f4 Bg7 10.Nc3 O-O 11.f5 e5 12.Nb3 gxf5 13.Bg5 f4 14.Bxf6 Bxf6 15.Nd5 Qd8
16.g3 f3 17.Qxf3 Bg7 18.Nd2 Nc6 19.Nc4 Be6 20.Nce3 Kh8 21.Qh5 Ne7 22.Rf3 Ng6
23.Raf1 Rc8 24.Nf5 Bxd5 25.exd5 Rc7 26.g4 Rg8 27.Qxh7+ Kxh7 28.Rh3+ Nh4 29.Nxh4+  1-0

[Event "Porz"]
[Site "Porz"]
[Date "1992.??.??"]
[Round "5"]
[White "Schaefer, Markus"]
[Black "Chuchelov, Vladimir"]
[Result "1/2-1/2"]
[WhiteElo "2435"]
[BlackElo "2490"]

1.e4 c5 2.Nf3 e6 3.d4 cxd4 4.Nxd4 a6 5.Bd3 Nf6 6.O-O Qc7 7.Nc3 Bc5 8.Nb3 Be7
9.a4 Nc6 10.f4 d6 11.Qf3 O-O 12.Be3 b6 13.g4 Nd7 14.g5 Re8 15.Qh5 g6 16.Qh4 Nb4
17.Rf3 Nxd3 18.cxd3 Nc5 19.Nd2 Bb7 20.Bd4 e5 21.Bf2 Ne6 22.Nd5 Bxd5 23.exd5 Nxf4
24.Ne4 h5 25.Be3 Nxd5 26.Bd2 Qd7 27.h3 Qe6 28.Raf1 Rf8 29.Nf6+ Kg7 30.Qe4 Nf4
31.Bxf4 exf4 32.Qxf4 Qe5 33.Qd2 Qd4+ 34.Kh1 d5 35.Nd7 Qh4 36.Nxf8 Rxf8 37.Qc3+ Kg8
38.Rg1 Bc5 39.Rgf1 Qxg5 40.Qe1 a5 41.d4 Bxd4 42.Rxf7 Rxf7 43.Qe8+ Kh7  1/2-1/2

[Event "Reno op"]
[Site "Reno"]
[Date "1992.??.??"]
[Round "2"]
[White "Kudrin, Sergey"]
[Black "Piasetski, Leon David"]
[Result "1-0"]
[WhiteElo "2580"]
[BlackElo "2370"]

1.e4 c5 2.Nf3 e6 3.d4 cxd4 4.Nxd4 a6 5.Bd3 Qc7 6.Nc3 b5 7.O-O Bb7 8.Re1 Bd6
9.Nf3 Nc6 10.Bxb5 Ne5 11.Nd4 Nf6 12.h3 Bc5 13.Bf1 h5 14.Bf4 d6 15.Qd2 Rc8
16.a3 O-O 17.Nb3 Bb6 18.Rad1 Rfd8 19.Bg5 d5 20.exd5 Nxd5 21.Bxd8 Rxd8 22.Qg5 Ng6
23.Nxd5 Rxd5 24.Rxd5 Bxd5 25.c4 Bb7 26.Rd1 Qb8 27.Nc5 f6 28.Qxg6 Bxc5 29.b4 Bd6  1-0

[Event "EU-ch U16 Girls"]
[Site "Rimavska Sobota"]
[Date "1992.??.??"]
[Round "?"]
[White "Lomineishvili, Maia"]
[Black "Albert, Kornelia"]
[Result "1-0"]
[WhiteElo "2055"]
[BlackElo "2110"]

1.e4 c5 2.Nf3 e6 3.d4 cxd4 4.Nxd4 a6 5.Bd3 Qc7 6.Nc3 Nf6 7.O-O Be7 8.Be3 d6
9.f4 O-O 10.Qf3 Nbd7 11.Rae1 b5 12.g4 e5 13.Nf5 Bd8 14.g5 Ne8 15.Nd5 Qb7
16.Nfe7+ Kh8 17.f5 Nb6 18.Nxc8 Rxc8 19.Qh5 Nxd5 20.exd5 Qxd5 21.Bf2 Qxa2
22.f6 g6 23.Qh6 Rg8 24.Re3 Nxf6 25.gxf6 Bxf6 26.Bh4 Bg7 27.Bf6 Bxf6 28.Rxf6 Rcd8
29.b3 Rd7 30.Ref3 Rg7 31.Qh3 Qa1+ 32.Kg2 Re7 33.Qc8+ Rg8 34.Qc6 e4 35.Bxe4 Qe5
36.Bd3 Qg5+ 37.Kh1 Re1+ 38.Bf1 Qh4 39.Rxf7 Re5 40.Qxd6  1-0

[Event "ROM-ch"]
[Site "?"]
[Date "1992.??.??"]
[Round "4"]
[White "Lupu, Mircea Sergiu"]
[Black "Ionescu, Constantin"]
[Result "1-0"]
[WhiteElo "2435"]
[BlackElo "2480"]

1.e4 c5 2.Nf3 e6 3.d4 cxd4 4.Nxd4 a6 5.Bd3 Nf6 6.O-O Qc7 7.f4 Bc5 8.c3 Nc6
9.Kh1 Nxd4 10.cxd4 Bxd4 11.Nd2 Bc5 12.e5 Nd5 13.Ne4 Be7 14.Bd2 b5 15.a4 b4
16.a5 Bb7 17.Qh5 Bc6 18.Rfc1 Qb7 19.Nc5 Bxc5 20.Rxc5 Ne7 21.Qe2 f5 22.exf6 gxf6
23.f5 e5 24.Rc4 Nd5 25.Qh5+ Ke7 26.Be4 Rag8 27.Rac1 Rg7 28.Bh6 Rf7 29.Qf3 Rd8
30.Rc5 Nc7 31.Bxc6 dxc6 32.Rxc6 Rd7 33.Qg4  1-0

[Event "ROM-chT"]
[Site "?"]
[Date "1992.??.??"]
[Round "?"]
[White "Vlad, Decebal"]
[Black "Vasilescu, Lucian"]
[Result "1-0"]
[WhiteElo "2250"]
[BlackElo "2385"]

1.e4 c5 2.Nf3 e6 3.d4 cxd4 4.Nxd4 a6 5.Bd3 Bc5 6.Nb3 Ba7 7.O-O Nc6 8.Qe2 d6
9.Be3 Nf6 10.Bxa7 Rxa7 11.c4 O-O 12.Nc3 Ne5 13.Qe3 b6 14.Be2 Qc7 15.Rac1 Bd7
16.Rfd1 Rd8 17.f4 Ng6 18.g3 Qb8 19.a4 Bc6 20.a5 bxa5 21.Nxa5 Ba8 22.b4 Rc7
23.Rb1 Qc8 24.Bf3 Ne7 25.c5 dxc5 26.Rxd8+ Qxd8 27.bxc5 h5 28.Nc4 Bc6 29.Ne5 Rb7
30.Rd1 Qc7 31.Nxc6 Nxc6 32.e5 Ng4 33.Qd2 Rb3 34.Qd6 Qa5 35.Qxc6 Rxc3 36.Qe8+ Kh7
37.Be4+ g6 38.Qxf7+ Kh8 39.Qf8+  1-0

[Event "ROM-chT"]
[Site "?"]
[Date "1992.??.??"]
[Round "?"]
[White "Bach, Adrian"]
[Black "Ilijin, Neboisa"]
[Result "0-1"]
[WhiteElo "2315"]
[BlackElo "2295"]

1.e4 c5 2.Nf3 e6 3.d4 cxd4 4.Nxd4 a6 5.Bd3 Nf6 6.O-O Qc7 7.Qe2 Nc6 8.Nxc6 bxc6
9.e5 Nd5 10.a3 c5 11.c4 Ne7 12.Nd2 Bb7 13.f4 Nc6 14.Nf3 g6 15.Be3 Be7 16.Qf2 Rc8
17.Rad1 Na5 18.Nd2 O-O 19.Qg3 f5 20.exf6 Bxf6 21.b4 cxb4 22.axb4 Nc6 23.Ne4 Nxb4
24.Nxf6+ Rxf6 25.Bd4 Rf7 26.Bxg6 hxg6 27.Qxg6+ Kf8 28.f5 e5 29.Qh6+ Kg8 30.f6 Be4
31.Qg5+ Kh8 32.Bxe5 Qc5+ 33.Rf2 Rg8 34.Qh4+ Bh7 35.Bd6 Qa5 36.c5 Nc6 37.Qh5 Qa4
38.Rdf1 Qc4 39.Rf4 Qe6 40.Rh4 Qe3+ 41.Kh1 Qd3 42.Rd1 Rxf6 43.Bf4 Qf5  0-1